Ε' επιστημονική συνάντηση για την ελληνιστική κεραμική

Αποθηκεύτηκε σε:
Λεπτομέρειες βιβλιογραφικής εγγραφής
Συγγραφή απο Οργανισμό/Αρχή: Υπουργείο Πολιτισμού ΚΕ' Εφορεία Προϊστορικών και Κλασικών Αρχαιοτήτωv
Μορφή: Βιβλίο
Γλώσσα:Greek
Δημοσίευση: Αθήνα : Υπουργείο Πολιτισμού. Ταμείο Αρχαιολογικών Πόρων και Απαλλοτριώσεων, 2000
Θέματα:
Ετικέτες: Προσθήκη ετικέτας
Δεν υπάρχουν, Καταχωρήστε ετικέτα πρώτοι!

MARC

LEADER 00000nam a2200000 i 4500
001 1/53238
008 070830s2000 gre d
020 |a 960-214-277-4 
020 |a 960-214-276-6 
035 |l 10090232 
040 |a GR-MY-UA  |b gre  |e aacr 
041 0 |a gre 
082 0 |a 738.12  |2 (22) 
110 2 |a Υπουργείο Πολιτισμού  |b ΚΕ' Εφορεία Προϊστορικών και Κλασικών Αρχαιοτήτωv. 
245 1 0 |a Ε' επιστημονική συνάντηση για την ελληνιστική κεραμική /  |c Υπουργείο Πολιτισμού 
260 |a Αθήνα :   |b Υπουργείο Πολιτισμού. Ταμείο Αρχαιολογικών Πόρων και Απαλλοτριώσεων,   |c 2000 
300 |a 2 τ.;  |b εικ., πιν.;  |c 28 εκ. 
504 |a Περιλαμβάνει βιβλιογραφίες και ευρετήριο 
650 0 0 |a Pottery, Hellenistic  |x Congresses. 
650 0 0 |a Pottery, Greek. 
852 |a INST  |b RHODES  |e 20070911  |h 738.12 ΥΠΟ  |p 005400025725  |q 005400025725  |t BK  |y 0  |z τ.1 
852 |a INST  |b RHODES  |e 20070830  |h 738.12 ΥΠΟ  |p 005400026105  |q 005400026105  |t BK  |y 0  |z τ.2 
852 |a INST  |b RHODES  |e 20070911  |h 738.12 ΥΠΟ  |p 005400025725  |q 005400025725  |t BK  |v τ.1:  |y 0  |z τ.1 
852 |a INST  |b RHODES  |e 20070830  |h 738.12 ΥΠΟ  |p 005400026105  |q 005400026105  |t BK  |v τ.2:  |y 0  |z τ.2 
853 |a INST  |b RHODES  |h 738.12 ΥΠΟ 
901 |a BIBL4-2007-2 
909 |a Ρ  |b 136105 
909 |a Ρ  |b 136104 
922 |a 4ΕΛΗ  |b 200707  |c ΕΠΕΑΕΚ2/ΤΜΣ  |d Σ. ΠΑΤΑΚΗΣ 
970 |a ΜΙΣΣΟΣ  |b ΣΤΑΥΡΟΣ  |z 2007/08/30